[Event "ESP-chT 2nd Division 2019"]
[Site "Linares"]
[Date "2019.08.22"]
[Round "6.38"]
[White "Barbera Estelles, Rosendo"]
[Black "Moreno Ibanez, Miguel"]
[Result "1-0"]
[WhiteElo "2176"]
[BlackElo "2272"]
[Annotator "NA"]
[PlyCount "121"]
[EventDate "2019.08.19"]
[EventType "team-tourn"]
[EventCountry "ESP"]
[SourceTitle "playchess.com"]
[Source "ChessBase"]
[SourceQuality "1"]
[TimeControl "5400+30"]

1. e4 {[%emt 0:00:01]} c5 {[%emt 0:00:01]} 2. Be2 {[%emt 0:01:10]} Nc6 {[%emt 0:01:19]} 3. f4 {[%emt 0:00:14]} d5 {[%emt 0:04:34]} 4. d3 {[%emt 0:00:13]} g6 {[%emt 0:01:35]} 5. Nf3 {[%emt 0:00:51]} Bg7 {[%emt 0:00:24]} 6. O-O {[%emt 0:00:56]} d4 {[%emt 0:02:22]} 7. Qe1 {[%emt 0:02:37]} Nf6 {[%emt 0:12:09]} 8. Nbd2 {[%emt 0:03:42]} Ng4 {[%emt 0:19:09]} 9. Nb3 {[%emt 0:08:56]} b6 {[%emt 0:09:21]} 10. c3 {[%emt 0:07:18]} Ba6 {[%emt 0:05:09]} 11. h3 {[%emt 0:01:27]} Nf6 {[%emt 0:12:39]} 12. cxd4 {[%emt 0:02:12]} cxd4 {[%emt 0:00:16]} 13. Bd2 {[%emt 0:09:52]} O-O {[%emt 0:02:40]} 14. Qf2 {[%emt 0:03:55]} Nd7 {[%emt 0:05:52]} 15. Rac1 {[%emt 0:02:00]} Rc8 {[%emt 0:00:58]} 16. e5 {[%emt 0:02:05]} f6 {[%emt 0:03:42]} 17. Nfxd4 {[%emt 0:10:58]} Nxd4 {[%emt 0:00:55]} 18. Qxd4 {[%emt 0:00:54]} Nc5 {[%emt 0:07:41]} 19. Qxd8 {[%emt 0:00:25]} Rfxd8 {[%emt 0:00:10]} 20. Nxc5 {[%emt 0:02:00]} bxc5 {[%emt 0:00:21]} 21. Ba5 {[%emt 0:02:43]} Rd5 {[%emt 0:03:45]} 22. Bg4 {[%emt 0:07:20]} f5 {[%emt 0:02:37]} 23. Bf3 {[%emt 0:00:46]} Rd4 {[%emt 0:00:54]} 24. Bc3 {[%emt 0:05:03]} Rd7 {[%emt 0:01:19]} 25. Rfd1 {[%emt 0:02:11]} Bh6 {[%emt 0:00:55]} 26. g3 {[%emt 0:02:21]} g5 {[%emt 0:00:10]} 27. e6 {[%emt 0:00:48]} Rxd3 {[%emt 0:01:23]} 28. Rxd3 {[%emt 0:00:50]} Bxd3 {[%emt 0:00:02]} 29. Be5 {[%emt 0:00:25]} gxf4 {[%emt 0:00:20]} 30. gxf4 {[%emt 0:00:38]} Bg7 {[%emt 0:00:04]} 31. Rc3 {[%emt 0:02:20]} Bxe5 {[%emt 0:02:01]} 32. fxe5 {[%emt 0:00:11]} c4 {[%emt 0:00:41]} 33. Kf2 {[%emt 0:00:27]} Rc5 {[%emt 0:00:17]} 34. b3 {[%emt 0:01:50]} Bb1 {[%emt 0:00:28]} 35. bxc4 {[%emt 0:00:35]} Bxa2 {[%emt 0:00:44]} 36. Bd5 {[%emt 0:00:20]} a5 {[%emt 0:00:27]} 37. Ke3 {[%emt 0:01:31]} a4 {[%emt 0:00:09]} 38. Kd4 {[%emt 0:00:27]} Rc8 {[%emt 0:00:52]} 39. Rg3+ {[%emt 0:01:53]} Kf8 {[%emt 0:00:09]} 40. Rf3 {[%emt 0:00:57]} Bb1 {[%emt 0:00:21]} 41. Rf1 {[%emt 0:00:38]} Rb8 {[%emt 0:00:45]} 42. Rf3 {[%emt 0:01:29]} Bc2 {[%emt 0:00:39]} 43. c5 {[%emt 0:00:48]} Ke8 {[%emt 0:00:37]} 44. Rg3 {[%emt 0:00:38]} Kd8 {[%emt 0:00:31]} 45. Rg8+ {[%emt 0:00:28]} Kc7 {[%emt 0:00:01]} 46. Rg7 {[%emt 0:00:13]} Kd8 {[%emt 0:00:59]} 47. Rxh7 {[%emt 0:01:29]} Bb3 {[%emt 0:00:31]} 48. Rh8+ {[%emt 0:05:40]} Kc7 {[%emt 0:00:03]} 49. Rxb8 {[%emt 0:04:28]} Kxb8 {[%emt 0:00:00]} 50. Bf3 {[%emt 0:00:23]} a3 {[%emt 0:01:25]} 51. Kc3 {[%emt 0:00:09]} Bxe6 {[%emt 0:00:31]} 52. h4 {[%emt 0:00:10]} Kc7 {[%emt 0:00:30]} 53. h5 {[%emt 0:00:14]} Bf7 {[%emt 0:00:32]} 54. h6 {[%emt 0:00:11]} Bg8 {[%emt 0:00:22]} 55. Bd5 {[%emt 0:00:22]} Bh7 {[%emt 0:00:37]} 56. Kb3 {[%emt 0:00:17]} f4 {[%emt 0:00:14]} 57. Kxa3 {[%emt 0:00:17]} Bf5 {[%emt 0:00:45]} 58. Kb4 {[%emt 0:00:27]} Kd7 {[%emt 0:00:31]} 59. Kc4 {[%emt 0:00:48]} Kc7 {[%emt 0:00:30]} 60. Kd4 {[%emt 0:00:16]} Bg6 {[%emt 0:00:31]} 61. Be4 {[%emt 0:00:20]} 1-0

[Event "ESP-chT 2nd Division 2019"]
[Site "Linares"]
[Date "2019.08.22"]
[Round "6.39"]
[White "Perez Gonzalez, Jose Manuel"]
[Black "Gonzalez Aguirre, Luis"]
[Result "1/2-1/2"]
[WhiteElo "2218"]
[BlackElo "2112"]
[Annotator "NA"]
[PlyCount "142"]
[EventDate "2019.08.19"]
[EventType "team-tourn"]
[EventCountry "ESP"]
[SourceTitle "playchess.com"]
[Source "ChessBase"]
[SourceQuality "1"]
[TimeControl "5400+30"]

1. e4 {[%emt 0:00:00]} c6 {[%emt 0:00:08]} 2. d4 {[%emt 0:00:00]} d5 {[%emt 0:00:10]} 3. e5 {[%emt 0:00:00]} Bf5 {[%emt 0:00:52]} 4. Nc3 {[%emt 0:00:02]} Qb6 {[%emt 0:03:20]} 5. Nf3 {[%emt 0:00:25]} e6 {[%emt 0:00:58]} 6. Be2 {[%emt 0:00:19]} Nd7 {[%emt 0:02:58]} 7. O-O {[%emt 0:00:20]} Ne7 {[%emt 0:01:28]} 8. b3 {[%emt 0:00:30]} h6 {[%emt 0:00:43]} 9. Na4 {[%emt 0:00:54]} Qd8 {[%emt 0:06:20]} 10. c4 {[%emt 0:00:34]} Bh7 {[%emt 0:10:53]} 11. Ba3 {[%emt 0:18:11]} Nf5 {[%emt 0:02:52]} 12. Bxf8 {[%emt 0:00:55]} Nxf8 {[%emt 0:01:48]} 13. c5 {[%emt 0:05:55]} Nd7 {[%emt 0:06:11]} 14. Rc1 {[%emt 0:01:16]} O-O {[%emt 0:02:23]} 15. Bd3 {[%emt 0:04:57]} Nh4 {[%emt 0:06:11]} 16. Bxh7+ {[%emt 0:03:28]} Kxh7 {[%emt 0:00:08]} 17. Nxh4 {[%emt 0:02:08]} Qxh4 {[%emt 0:00:02]} 18. Rc3 {[%emt 0:00:38]} Qe7 {[%emt 0:04:09]} 19. Re3 {[%emt 0:06:48]} Kg8 {[%emt 0:03:25]} 20. Qg4 {[%emt 0:07:04]} f6 {[%emt 0:05:47]} 21. exf6 {[%emt 0:00:21]} Rxf6 {[%emt 0:00:22]} 22. Rfe1 {[%emt 0:00:17]} Re8 {[%emt 0:02:57]} 23. Nb2 {[%emt 0:02:19]} Qf7 {[%emt 0:01:09]} 24. Nd3 {[%emt 0:00:32]} Rg6 {[%emt 0:03:44]} 25. Qe2 {[%emt 0:00:56]} Qf6 {[%emt 0:01:25]} 26. Ne5 {[%emt 0:00:43]} Nxe5 {[%emt 0:00:52]} 27. Rxe5 {[%emt 0:00:09]} Qf4 {[%emt 0:01:37]} 28. Qe3 {[%emt 0:05:38]} Qxe3 {[%emt 0:02:55]} 29. R1xe3 {[%emt 0:08:59]} Rg4 {[%emt 0:05:48]} 30. Rd3 {[%emt 0:01:13]} Rf4 {[%emt 0:01:46]} 31. g3 {[%emt 0:02:19]} Rf5 {[%emt 0:00:51]} 32. Re2 {[%emt 0:05:56]} Kf7 {[%emt 0:04:15]} 33. Rde3 {[%emt 0:00:37]} Kf6 {[%emt 0:04:05]} 34. Kg2 {[%emt 0:06:04]} g5 {[%emt 0:04:27]} 35. f3 {[%emt 0:00:33]} Re7 {[%emt 0:04:00]} 36. b4 {[%emt 0:00:51]} a6 {[%emt 0:00:46]} 37. a4 {[%emt 0:00:37]} Re8 {[%emt 0:02:05]} 38. h3 {[%emt 0:02:29]} h5 {[%emt 0:00:32]} 39. Re5 {[%emt 0:01:00]} Re7 {[%emt 0:02:06]} 40. Kf2 {[%emt 0:04:02]} Rxe5 {[%emt 0:00:59]} 41. Rxe5 {[%emt 0:00:08]} Rh7 {[%emt 0:01:31]} 42. h4 {[%emt 0:00:33]} gxh4 {[%emt 0:00:38]} 43. gxh4 {[%emt 0:00:04]} Rh6 {[%emt 0:00:50]} 44. f4 {[%emt 0:00:56]} Kf7 {[%emt 0:00:53]} 45. Kf3 {[%emt 0:00:13]} Kf6 {[%emt 0:00:31]} 46. f5 {[%emt 0:01:45]} exf5 {[%emt 0:00:29]} 47. Kf4 {[%emt 0:00:07]} Rh7 {[%emt 0:00:35]} 48. Rxf5+ {[%emt 0:00:16]} Kg6 {[%emt 0:00:14]} 49. Rg5+ {[%emt 0:00:23]} Kh6 {[%emt 0:00:02]} 50. Ke5 {[%emt 0:01:52]} Re7+ {[%emt 0:00:11]} 51. Kd6 {[%emt 0:00:04]} Re4 {[%emt 0:00:12]} 52. Kc7 {[%emt 0:00:13]} Rxh4 {[%emt 0:00:10]} 53. Rg1 {[%emt 0:00:19]} Rxd4 {[%emt 0:00:25]} 54. Kxb7 {[%emt 0:00:06]} Rxb4+ {[%emt 0:00:10]} 55. Kxc6 {[%emt 0:00:05]} d4 {[%emt 0:01:25]} 56. Kd5 {[%emt 0:00:22]} Rxa4 {[%emt 0:00:59]} 57. c6 {[%emt 0:00:08]} Ra2 {[%emt 0:00:41]} 58. Rd1 {[%emt 0:00:48]} d3 {[%emt 0:01:03]} 59. Rxd3 {[%emt 0:00:11]} Rc2 {[%emt 0:00:11]} 60. Rd4 {[%emt 0:00:22]} Kg5 {[%emt 0:00:38]} 61. Rc4 {[%emt 0:00:40]} Rd2+ {[%emt 0:00:08]} 62. Kc5 {[%emt 0:00:12]} Rd8 {[%emt 0:00:15]} 63. c7 {[%emt 0:01:25]} Rc8 {[%emt 0:00:01]} 64. Kb6 {[%emt 0:00:10]} h4 {[%emt 0:00:10]} 65. Kxa6 {[%emt 0:01:41]} h3 {[%emt 0:00:10]} 66. Kb7 {[%emt 0:00:23]} Rxc7+ {[%emt 0:00:11]} 67. Rxc7 {[%emt 0:00:32]} Kg4 {[%emt 0:00:13]} 68. Rh7 {[%emt 0:01:06]} Kg3 {[%emt 0:00:07]} 69. Kc6 {[%emt 0:00:42]} h2 {[%emt 0:00:16]} 70. Kd5 {[%emt 0:00:14]} Kg2 71. Rxh2+ {[%emt 0:00:41]} Kxh2 1/2-1/2

[Event "ESP-chT 2nd Division 2019"]
[Site "Linares"]
[Date "2019.08.22"]
[Round "6.40"]
[White "Castellet Menchon, Cora"]
[Black "Estevez Sacristan, Deva"]
[Result "0-1"]
[WhiteElo "1866"]
[BlackElo "1957"]
[Annotator "NA"]
[PlyCount "64"]
[EventDate "2019.08.19"]
[EventType "team-tourn"]
[EventCountry "ESP"]
[SourceTitle "playchess.com"]
[Source "ChessBase"]
[SourceQuality "1"]
[TimeControl "5400+30"]

1. d4 {[%emt 0:00:00]} f5 {[%emt 0:00:00]} 2. Nc3 {[%emt 0:00:00]} g6 {[%emt 0:00:21]} 3. e4 {[%emt 0:04:08]} fxe4 {[%emt 0:00:48]} 4. Nxe4 {[%emt 0:00:13]} Bg7 {[%emt 0:00:46]} 5. Nf3 {[%emt 0:09:53]} d5 {[%emt 0:02:13]} 6. Nc5 b6 {[%emt 0:00:37]} 7. Nd3 {[%emt 0:10:47]} Nh6 {[%emt 0:01:07]} 8. Bf4 {[%emt 0:02:26]} Nf7 {[%emt 0:06:00]} 9. h4 {[%emt 0:10:02]} Bg4 {[%emt 0:03:57]} 10. c3 {[%emt 0:01:05]} O-O {[%emt 0:02:51]} 11. Be2 {[%emt 0:02:45]} Nd7 {[%emt 0:07:29]} 12. Ng5 {[%emt 0:03:17]} Bf5 {[%emt 0:09:24]} 13. g4 {[%emt 0:16:10]} Bxd3 {[%emt 0:00:38]} 14. Bxd3 {[%emt 0:02:57]} e5 {[%emt 0:04:34]} 15. Ne6 {[%emt 0:04:50]} Qe7 {[%emt 0:01:22]} 16. Nxf8 {[%emt 0:02:32]} exf4+ {[%emt 0:00:18]} 17. Kd2 {[%emt 0:01:57]} Rxf8 {[%emt 0:01:58]} 18. Qf3 {[%emt 0:02:35]} Qd6 {[%emt 0:03:16]} 19. g5 {[%emt 0:05:04]} c5 {[%emt 0:02:21]} 20. dxc5 {[%emt 0:05:28]} Nxc5 {[%emt 0:02:07]} 21. Bf1 {[%emt 0:02:30]} Ne5 {[%emt 0:01:30]} 22. Qg2 {[%emt 0:02:45]} Ne4+ {[%emt 0:00:47]} 23. Kc2 {[%emt 0:00:37]} Qc5 {[%emt 0:03:02]} 24. f3 {[%emt 0:03:43]} Ng3 {[%emt 0:01:06]} 25. Rh3 {[%emt 0:00:58]} Nxf1 {[%emt 0:03:13]} 26. Rxf1 {[%emt 0:01:51]} Nc4 {[%emt 0:00:23]} 27. Qe2 {[%emt 0:01:33]} Ne3+ {[%emt 0:00:26]} 28. Kb1 {[%emt 0:00:57]} Nxf1 {[%emt 0:00:25]} 29. Qe6+ Kh8 {[%emt 0:01:20]} 30. h5 {[%emt 0:00:55]} gxh5 {[%emt 0:04:01]} 31. Rxh5 {[%emt 0:01:16]} Qc8 {[%emt 0:00:40]} 32. Qxd5 {[%emt 0:01:36]} Qf5+ {[%emt 0:00:11]} 0-1

[Event "ESP-chT 2nd Division 2019"]
[Site "Linares"]
[Date "2019.08.23"]
[Round "7.1"]
[White "Suarez Gomez, Julio"]
[Black "Rios, Cristhian Camilo"]
[Result "1-0"]
[WhiteElo "2433"]
[BlackElo "2530"]
[Annotator "ChessBase"]
[PlyCount "139"]
[EventDate "2019.08.19"]
[EventType "team-tourn"]
[EventCountry "ESP"]
[SourceTitle "playchess.com"]
[Source "ChessBase"]
[SourceQuality "1"]
[TimeControl "5400+30"]

1. d4 {[%emt 0:00:12]} d5 {[%emt 0:00:00]} 2. Nf3 {[%emt 0:00:07]} Nf6 {[%emt 0:00:00]} 3. e3 {[%emt 0:00:24]} e6 {[%emt 0:00:00]} 4. c4 {[%emt 0:00:09]} a6 {[%emt 0:00:00]} 5. b3 {[%emt 0:01:24]} b6 {[%emt 0:01:12]} 6. cxd5 {[%emt 0:00:28]} exd5 {[%emt 0:00:06]} 7. Bb2 {[%emt 0:00:40]} Bd6 {[%emt 0:00:13]} 8. g3 {[%emt 0:00:50]} O-O {[%emt 0:00:37]} 9. Bg2 {[%emt 0:00:07]} Re8 {[%emt 0:00:19]} 10. O-O {[%emt 0:00:10]} Nbd7 {[%emt 0:00:14]} 11. Nc3 {[%emt 0:00:53]} Bb7 {[%emt 0:00:09]} 12. Re1 {[%emt 0:04:37]} Rc8 {[%emt 0:03:24]} 13. Rc1 {[%emt 0:00:23]} Qe7 {[%emt 0:03:45]} 14. Ne2 {[%emt 0:06:04]} Bb4 {[%emt 0:04:30]} 15. Rf1 {[%emt 0:00:41]} Ba3 {[%emt 0:02:42]} 16. Qc2 {[%emt 0:04:13]} Bd6 {[%emt 0:03:25]} 17. Nf4 {[%emt 0:01:34]} c5 {[%emt 0:03:30]} 18. Qe2 {[%emt 0:08:43]} Ne4 {[%emt 0:08:19]} 19. Rfd1 {[%emt 0:07:01]} Ndf6 {[%emt 0:07:36]} 20. dxc5 {[%emt 0:09:51]} bxc5 {[%emt 0:00:11]} 21. Nd2 {[%emt 0:03:37]} Nxd2 {[%emt 0:10:51]} 22. Bxf6 {[%emt 0:12:35]} Qxf6 {[%emt 0:00:53]} 23. Rxd2 {[%emt 0:00:14]} Bxf4 {[%emt 0:00:07]} 24. gxf4 {[%emt 0:00:06]} Qg6 {[%emt 0:07:04]} 25. Qf3 {[%emt 0:01:42]} Ba8 {[%emt 0:01:56]} 26. Qg3 {[%emt 0:00:29]} Qe6 {[%emt 0:00:06]} 27. h4 {[%emt 0:06:34]} f5 {[%emt 0:05:10]} 28. Rcd1 {[%emt 0:04:16]} Red8 {[%emt 0:00:42]} 29. Bf3 {[%emt 0:00:42]} Rd6 {[%emt 0:00:10]} 30. h5 {[%emt 0:02:19]} a5 {[%emt 0:00:32]} 31. Qg2 {[%emt 0:01:02]} Rcd8 {[%emt 0:00:12]} 32. Rc1 {[%emt 0:02:05]} Qc8 {[%emt 0:14:56]} 33. Rdc2 {[%emt 0:01:59]} c4 {[%emt 0:02:51]} 34. bxc4 {[%emt 0:00:05]} d4 {[%emt 0:00:59]} 35. Bxa8 {[%emt 0:01:22]} Qxa8 {[%emt 0:01:50]} 36. Qxa8 {[%emt 0:00:05]} Rxa8 {[%emt 0:00:06]} 37. Rd2 {[%emt 0:02:47]} d3 {[%emt 0:03:59]} 38. c5 {[%emt 0:00:12]} Rd5 {[%emt 0:00:14]} 39. Rc3 {[%emt 0:00:07]} Rc8 {[%emt 0:00:30]} 40. c6 {[%emt 0:00:04]} g6 {[%emt 0:01:56]} 41. hxg6 {[%emt 0:00:10]} hxg6 {[%emt 0:00:09]} 42. Rdxd3 {[%emt 0:00:29]} Rxd3 {[%emt 0:00:08]} 43. Rxd3 {[%emt 0:00:01]} Rxc6 {[%emt 0:00:10]} 44. Rd5 {[%emt 0:00:06]} a4 {[%emt 0:00:10]} 45. Ra5 {[%emt 0:00:57]} Rc4 {[%emt 0:00:10]} 46. Ra7 {[%emt 0:00:29]} Kf8 {[%emt 0:01:19]} 47. Kf1 {[%emt 0:04:32]} Rc1+ {[%emt 0:00:44]} 48. Kg2 {[%emt 0:00:08]} Rc4 {[%emt 0:00:09]} 49. Kg3 {[%emt 0:00:03]} Ke8 {[%emt 0:00:05]} 50. Kh4 {[%emt 0:00:13]} Rc2 {[%emt 0:00:07]} 51. Rxa4 {[%emt 0:00:07]} Rxf2 {[%emt 0:00:07]} 52. Kg5 {[%emt 0:00:11]} Rg2+ {[%emt 0:00:07]} 53. Kf6 {[%emt 0:00:08]} Kd7 {[%emt 0:01:39]} 54. Rd4+ {[%emt 0:01:07]} Ke8 {[%emt 0:00:15]} 55. a4 {[%emt 0:00:14]} Rg3 {[%emt 0:00:38]} 56. Rd5 {[%emt 0:01:02]} Rg2 {[%emt 0:00:25]} 57. a5 {[%emt 0:00:09]} Rg1 {[%emt 0:00:06]} 58. a6 {[%emt 0:00:23]} Ra1 {[%emt 0:00:06]} 59. Rd6 {[%emt 0:00:55]} Ra3 {[%emt 0:00:07]} 60. Re6+ {[%emt 0:00:43]} Kd7 {[%emt 0:00:07]} 61. Re7+ {[%emt 0:00:15]} Kd6 {[%emt 0:00:56]} 62. a7 {[%emt 0:00:36]} Ra4 {[%emt 0:00:11]} 63. Rg7 {[%emt 0:01:31]} Kd5 {[%emt 0:00:08]} 64. Kxg6 {[%emt 0:00:24]} Ke6 {[%emt 0:00:05]} 65. Kh7 {[%emt 0:01:09]} Kf6 {[%emt 0:00:23]} 66. Kg8 {[%emt 0:00:29]} Ra1 {[%emt 0:00:52]} 67. Rb7 {[%emt 0:00:40]} Ke6 {[%emt 0:00:32]} 68. Kf8 {[%emt 0:00:19]} Rh1 {[%emt 0:00:36]} 69. Rb6+ {[%emt 0:00:17]} Kd7 {[%emt 0:00:06]} 70. Rb8 {[%emt 0:00:15]} 1-0

[Event "ESP-chT 2nd Division 2019"]
[Site "Linares"]
[Date "2019.08.23"]
[Round "7.2"]
[White "Sosa, Tomas"]
[Black "Reinaldo Castineira, Roi"]
[Result "1-0"]
[WhiteElo "2508"]
[BlackElo "2467"]
[Annotator "TA"]
[PlyCount "63"]
[EventDate "2019.08.19"]
[EventType "team-tourn"]
[EventCountry "ESP"]
[SourceTitle "playchess.com"]
[Source "ChessBase"]
[SourceQuality "1"]

{[%evp 11,63,12,6,0,15,6,14,18,27,14,17,30,40,55,64,2,9,13,45,-13,41,46,41,35,56,61,57,66,172,0,0,0,0,0,0,-9,0,-28,-11,-54,-54,-50,-47,-51,-8,-14,0,0,0,0,395,397,438,422]} 1. e4 e6 2. d4 d5 3. Nd2 c5 4. Ngf3 cxd4 5. Nxd4 Nf6 6. exd5 Qxd5 7. Nb5 {Hoping for Nc7+. C07: French Tarrasch: 3...c5, 4 Ngf3 and 4 exd5 Qxd5} Na6 8. Nc3 (8. Be2 Be7 9. O-O O-O 10. a4 Qd8 11. Nc4 Nc5 12. Bf4 Nd5 13. Be5 b6 14. Bf3 Bb7 {½-½ (35) Svidler,P (2737)-Goganov,A (2612) St Petersburg 2018}) 8... Qd8 9. a3 {The position is equal.} Be7 10. Qf3 Nc5 11. Nc4 O-O 12. Bf4 Bd7 13. Rd1 $146 (13. O-O-O $1 $14) ({Predecessor:} 13. Ne5 Be8 14. Rd1 Qb6 {1-0 (40) Hofstetter,H (2524)-Knudsen,J (2435) ICCF email 2005}) 13... Qc8 $11 14. Ne5 Be8 15. Qh3 (15. Be2 $14) 15... Na4 (15... Nd5 $11 16. Nxd5 exd5) 16. Nxa4 $14 Bxa4 17. Bd3 g6 18. O-O Rd8 (18... Bxc2 $2 19. Rc1 $18) 19. Bg5 Rd5 {[#]} ({Better is} 19... Qc5 $14 20. Rfe1 Be8) 20. Nxf7 $2 ({White should play} 20. Rfe1 $1 $18) 20... Kxf7 $11 21. Bxf6 $1 Bxf6 22. Qxh7+ {[%mdl 64] Double Attack} Kf8 23. Qxg6 ({But not} 23. Bxg6 Qd7 $17) 23... Bg7 24. Rde1 {Re3 is the strong threat.} Be8 $1 {[%cal Re8g6]} 25. Qxe6 Qxe6 26. Rxe6 Bxb2 27. Rb1 $1 {[%cal Rb1b2]} Bf7 (27... Re5 $5 {[%cal Re5e6]} 28. Rxe5 Bxe5 29. Rxb7 Rb8 30. Rxb8 Bxb8 $17) 28. Re4 Bxa3 29. Rxb7 Rc8 {White must now prevent ...Rxd3!} 30. g3 {aiming for Rf4.} a5 $2 {[%mdl 8192]} (30... Re8 $11 {and Black is okay.}) 31. Rf4 $18 Be7 {[#]} 32. Bg6 $1 {Accuracy: White = 64%, Black = 48%.} 1-0

[Event "ESP-chT 2nd Division 2019"]
[Site "Linares"]
[Date "2019.08.23"]
[Round "7.3"]
[White "Laiz Ibanez, Hector"]
[Black "Garriga Cazorla, Pere"]
[Result "1-0"]
[WhiteElo "2274"]
[BlackElo "2495"]
[Annotator "ChessBase"]
[PlyCount "65"]
[EventDate "2019.08.19"]
[EventType "team-tourn"]
[EventCountry "ESP"]
[SourceTitle "playchess.com"]
[Source "ChessBase"]
[SourceQuality "1"]
[TimeControl "5400+30"]

1. e4 {[%emt 0:00:00]} e5 {[%emt 0:00:00]} 2. Nf3 {[%emt 0:00:00]} Nc6 {[%emt 0:00:00]} 3. Bb5 {[%emt 0:00:00]} a6 {[%emt 0:00:00]} 4. Ba4 {[%emt 0:00:02]} Nf6 {[%emt 0:00:00]} 5. O-O {[%emt 0:00:29]} b5 {[%emt 0:00:00]} 6. Bb3 {[%emt 0:00:10]} Bc5 {[%emt 0:00:06]} 7. a4 {[%emt 0:00:43]} Rb8 {[%emt 0:00:07]} 8. Nxe5 {[%emt 0:00:30]} Nxe5 {[%emt 0:00:16]} 9. d4 {[%emt 0:00:03]} Bxd4 {[%emt 0:00:05]} 10. Qxd4 {[%emt 0:00:03]} d6 {[%emt 0:00:04]} 11. Bf4 {[%emt 0:13:01]} O-O {[%emt 0:09:48]} 12. f3 {[%emt 0:15:51]} Re8 {[%emt 0:09:46]} 13. Rd1 {[%emt 0:02:11]} Be6 {[%emt 0:04:07]} 14. Nc3 {[%emt 0:08:46]} Nfd7 {[%emt 0:13:06]} 15. Bd5 {[%emt 0:17:10]} b4 {[%emt 0:13:25]} 16. Ne2 {[%emt 0:01:46]} a5 {[%emt 0:01:44]} 17. Bg3 {[%emt 0:00:39]} h5 {[%emt 0:03:28]} 18. Bxe6 {[%emt 0:15:05]} fxe6 {[%emt 0:02:01]} 19. Bxe5 {[%emt 0:01:17]} Nxe5 {[%emt 0:00:08]} 20. f4 {[%emt 0:00:23]} Ng6 {[%emt 0:01:38]} 21. Qc4 {[%emt 0:00:14]} Kh7 {[%emt 0:03:34]} 22. Rd3 {[%emt 0:00:08]} h4 {[%emt 0:06:22]} 23. Rf1 {[%emt 0:00:59]} Qd7 {[%emt 0:04:33]} 24. Nd4 {[%emt 0:07:29]} e5 {[%emt 0:01:46]} 25. f5 {[%emt 0:03:30]} exd4 {[%emt 0:00:05]} 26. fxg6+ {[%emt 0:00:06]} Kxg6 {[%emt 0:00:03]} 27. Rf4 {[%emt 0:03:50]} Re5 {[%emt 0:01:38]} 28. Rxh4 {[%emt 0:00:39]} c5 {[%emt 0:04:28]} 29. Rg3+ {[%emt 0:00:27]} Rg5 {[%emt 0:00:18]} 30. Qd5 {[%emt 0:00:57]} Rxg3 {[%emt 0:02:12]} 31. Qh5+ {[%emt 0:00:04]} Kf6 {[%emt 0:00:07]} 32. Rf4+ {[%emt 0:00:10]} Ke6 {[%emt 0:00:36]} 33. Qd5+ {[%emt 0:00:19] Kxd5} 1-0

[Event "ESP-chT 2nd Division 2019"]
[Site "Linares"]
[Date "2019.08.23"]
[Round "7.4"]
[White "Fernandez Diaz, Cristian"]
[Black "Abal Cores, Lucas"]
[Result "1/2-1/2"]
[WhiteElo "2303"]
[BlackElo "2290"]
[Annotator "ChessBase"]
[PlyCount "61"]
[EventDate "2019.08.19"]
[EventType "team-tourn"]
[EventCountry "ESP"]
[SourceTitle "playchess.com"]
[Source "ChessBase"]
[SourceQuality "1"]
[TimeControl "5400+30"]

1. d4 {[%emt 0:00:00]} f5 {[%emt 0:00:00]} 2. g3 {[%emt 0:00:00]} Nf6 {[%emt 0:00:00]} 3. Bg2 {[%emt 0:00:04]} g6 {[%emt 0:00:17]} 4. Nf3 {[%emt 0:00:06]} Bg7 {[%emt 0:00:34]} 5. O-O {[%emt 0:00:10]} O-O {[%emt 0:00:21]} 6. b3 {[%emt 0:01:18]} d6 {[%emt 0:00:44]} 7. Bb2 {[%emt 0:00:20]} c6 {[%emt 0:01:42]} 8. Nbd2 {[%emt 0:01:47]} Na6 {[%emt 0:00:59]} 9. Ne1 {[%emt 0:04:21]} Qe8 {[%emt 0:04:31]} 10. Nd3 {[%emt 0:01:52]} Qf7 {[%emt 0:04:40]} 11. Re1 {[%emt 0:05:42]} Nc7 {[%emt 0:08:40]} 12. e4 {[%emt 0:03:41]} fxe4 {[%emt 0:00:01]} 13. Nxe4 {[%emt 0:00:08]} Nxe4 {[%emt 0:00:14]} 14. Bxe4 {[%emt 0:00:08]} Ne6 {[%emt 0:00:05]} 15. c3 {[%emt 0:12:58]} Ng5 {[%emt 0:04:35]} 16. f4 {[%emt 0:01:36]} Nxe4 {[%emt 0:05:23]} 17. Rxe4 {[%emt 0:00:02]} Bf5 {[%emt 0:00:59]} 18. Re3 {[%emt 0:00:25]} a5 {[%emt 0:00:21]} 19. Nf2 {[%emt 0:01:44]} b5 {[%emt 0:11:53]} 20. Qe2 {[%emt 0:02:54]} Rfe8 {[%emt 0:03:34]} 21. Re1 {[%emt 0:03:25]} Ra7 {[%emt 0:04:28]} 22. Ne4 {[%emt 0:03:39]} Bxe4 {[%emt 0:04:21]} 23. Rxe4 {[%emt 0:00:22]} a4 {[%emt 0:00:10]} 24. bxa4 {[%emt 0:04:12]} Rxa4 {[%emt 0:00:21]} 25. a3 {[%emt 0:00:09]} Kf8 {[%emt 0:09:11]} 26. Re6 {[%emt 0:02:50]} Rc4 {[%emt 0:01:17]} 27. Qe4 {[%emt 0:03:53]} Qf5 {[%emt 0:07:55]} 28. Qe2 {[%emt 0:02:08]} Qf7 {[%emt 0:00:08]} 29. Qe4 {[%emt 0:00:49]} Qf5 {[%emt 0:00:05]} 30. Qe2 {[%emt 0:00:22]} Qf7 {[%emt 0:00:28]} 31. Qe4 {[%emt 0:00:08]} 1/2-1/2

[Event "ESP-chT 2nd Division 2019"]
[Site "Linares"]
[Date "2019.08.23"]
[Round "7.5"]
[White "Dorado Meijide, Andrea"]
[Black "Munoz Munoz, Teresa"]
[Result "1-0"]
[WhiteElo "1762"]
[BlackElo "1808"]
[Annotator "NA"]
[PlyCount "69"]
[EventDate "2019.08.19"]
[EventType "team-tourn"]
[EventCountry "ESP"]
[SourceTitle "playchess.com"]
[Source "ChessBase"]
[SourceQuality "1"]
[TimeControl "5400+30"]

1. e4 {[%emt 0:00:00]} b6 {[%emt 0:00:00]} 2. Nf3 {[%emt 0:00:30]} Bb7 {[%emt 0:00:30]} 3. Qe2 {[%emt 0:00:51]} e6 {[%emt 0:00:18]} 4. g3 {[%emt 0:00:19]} g6 {[%emt 0:01:22]} 5. Bg2 {[%emt 0:00:06]} Bg7 {[%emt 0:00:05]} 6. O-O {[%emt 0:00:21]} Ne7 {[%emt 0:00:11]} 7. Nc3 {[%emt 0:01:48]} O-O {[%emt 0:00:25]} 8. Re1 {[%emt 0:01:53]} d6 {[%emt 0:00:15]} 9. d4 {[%emt 0:00:45]} Nd7 {[%emt 0:00:25]} 10. Be3 {[%emt 0:01:06]} d5 {[%emt 0:08:36]} 11. exd5 {[%emt 0:05:36]} Nxd5 {[%emt 0:02:30]} 12. Nxd5 {[%emt 0:00:34]} Bxd5 {[%emt 0:10:43]} 13. c4 {[%emt 0:00:46]} Bb7 {[%emt 0:00:14]} 14. Rad1 {[%emt 0:02:02]} Nf6 {[%emt 0:05:01]} 15. Bg5 {[%emt 0:02:41]} h6 {[%emt 0:00:34]} 16. Bf4 {[%emt 0:05:05]} g5 {[%emt 0:18:22]} 17. Bc1 {[%emt 0:06:52]} Qd6 {[%emt 0:15:28]} 18. h4 {[%emt 0:05:37]} gxh4 {[%emt 0:06:52]} 19. Bf4 {[%emt 0:00:15]} Qd8 {[%emt 0:03:56]} 20. Nxh4 {[%emt 0:00:39]} Bxg2 {[%emt 0:00:44]} 21. Nxg2 {[%emt 0:00:49]} Ne8 {[%emt 0:03:39]} 22. Qh5 {[%emt 0:01:30]} Qf6 {[%emt 0:02:46]} 23. Ne3 {[%emt 0:02:03]} Qg6 {[%emt 0:04:27]} 24. Qf3 {[%emt 0:03:34]} Rd8 {[%emt 0:04:47]} 25. Ng4 {[%emt 0:01:29]} h5 {[%emt 0:04:06]} 26. Ne5 {[%emt 0:00:50]} Bxe5 {[%emt 0:01:42]} 27. Rxe5 {[%emt 0:00:08]} Ng7 {[%emt 0:00:57]} 28. Rg5 {[%emt 0:00:55]} Qf6 {[%emt 0:00:40]} 29. Qe3 {[%emt 0:00:32]} c5 {[%emt 0:03:47]} 30. Be5 {[%emt 0:00:05]} cxd4 {[%emt 0:01:05]} 31. Bxf6 {[%emt 0:01:41]} dxe3 {[%emt 0:00:24]} 32. Rxg7+ {[%emt 0:00:05]} Kh8 {[%emt 0:00:29]} 33. Rg5+ {[%emt 0:00:32]} Kh7 {[%emt 0:00:07]} 34. Rxd8 {[%emt 0:00:26]} e2 {[%emt 0:00:34]} 35. Re5 {[%emt 0:00:07]} 1-0